| 000 | 00502nam a2200169Ia 4500 | ||
|---|---|---|---|
| 999 |
_c5363 _d5363 |
||
| 003 | OSt | ||
| 005 | 20211106103758.0 | ||
| 008 | 190216s9999||||xx |||||||||||||| ||und|| | ||
| 040 | _coclc | ||
| 082 |
_a332.4 _bMIS/M |
||
| 100 |
_aMishra, M N _91514 |
||
| 245 | 0 |
_aMoney Banking And International Trade And Public Finance / _cM N Mishra |
|
| 260 |
_bS Chand And Company, _c1987. _aNew Delhi: |
||
| 300 | _a730p | ||
| 650 | _aBanking | ||
| 942 |
_cBK _2ddc _h332.4 _iMIS/M _k332.4 _mMIS/M |
||